000 00292 a2200133 4500
001 59354
082 _a174.962 MAR
090 _c36380
_d36380
100 _aMartin Mike W
245 _aEthics in engineering, 4/e
250 _a4
260 _aUSA
_bMcGraw Hill
_c2005
300 _a352 p.
942 _aNUST-CAE
_k174.962 MAR
999 _c294427
_d294427